000 00886nam a2200241 a 4500
003 EG-GiCUC
008 061019s2003 su g 000 0 ara d
017 _a1424 / 4662
_bالسعودية.مكتبة الملك فهد الوطنية
020 _a9960107132
040 _aEG-GiCUC
_bara
_cEG-GiCUC
092 0 4 _a416
_bJ329
_221
099 _a04
_a416 J329
100 1 _aجوهرجى : محمد اسماعيل
245 1 2 _aالتقطيع العروضى الحرفى للمعلقات العشر/
_cمحمد اسماعيل جوهرجى
260 _aجدة :
_bمؤسسة عكاظ للصحافة و النشر :
_c2003
300 _a406ص ؛
_c27سم
630 2 7 _aالمعلقات
_2qrmak
650 7 _aاللغة العربية
_xالعروض والقوافى
_2qrmak
902 _a1
905 _aايمان ع
_eمراجع
905 _aشكرية
_eمدخل
942 _2ddc
_cBK
999 _c87713
_d87713